Kolkata Metro Stations - Statistics

General Stats
  • This quiz has been taken 36 times
  • The average score is 12 of 24
Answer Stats
Opened Stations % Correct
12 November 1984 Dum Dum
84%
24 October 1984 Esplanade
84%
29 April 1986 Kalighat
74%
24 October 1984 Maidan
74%
24 October 1984 Park Street
74%
29 April 1986 Mahanayak Uttamkumar
71%
22 August 2009 Netaji
61%
29 April 1986 Rabindra Sarobar
61%
15 February 1995 Central
52%
10 July 2013 Noapara
52%
24 October 1984 Rabindra Sadan
52%
15 February 1995 Shyambazar
52%
27 September 1995 Mahatma Gandhi Road
45%
29 April 1986 Jatin Das Park
42%
15 February 1995 Chandni Chowk
39%
15 February 1995 Girish Park
39%
22 August 2009 Kavi Nazrul
35%
7 October 2010 Kavi Subhash
35%
22 August 2009 Masterda Surya Sen
32%
24 October 1984 Netaji Bhavan
29%
7 October 2010 Shahid Khudiram
26%
22 August 2009 Gitanjali
23%
12 November 1984 Belgachhia
19%
15 February 1995 Shobhabazar Sutanuti
10%
No matching quizzes found
Score Distribution
Percent of People with Each Score
Percentile by Number Answered
Your Score History
You have not taken this quiz